00465nam a2200193Ia 4500008004100000020001400041245002200055245004700077260001500124260001600139260000900155300001500164300002500179300001000204440002400214440000600238500000800244999001900252170705s9999 xx 000 0 und d a439419174 4aThe brave bunny / cBen M. Baglio ; illustrated by Andy Ellis. aNew York : bScholastic, c2001 a59 pages : bcolor illustration ; c19cm. aLittle animal ark ; v4 a400 c335847d335847